000 00458nam a2200169Ia 4500
003 OSt
005 20260310114457.0
008 211028s2012 xx 000 0 und d
040 _cAIMIT LIBRARY
041 _aeng
100 _aRekha; Shetty, Annapoorna.
_g91724
_93641
110 _aSuchetha vijayakumar
_93642
245 _aAutomation of collectorate /
260 _aBangalore
_c2012
710 _aKeltron Componant Complex Ltd
_93643
942 _2ddc
_cPRO
999 _c217301
_d217301